000 00691nam a2200253Ia 4500
003 OSt
005 20221007075830.0
006 a|||||r|||| 00| 0
007 ta
008 221006b |||||||| |||| 00| 0 eng d
020 _a9780198828815
024 _a33,428
037 _cTextual
040 _aFLL
_cFLL
_beng
041 _2eng
_aeng
082 _aZ,91, Q7
100 _aWACKS Raymond
_9476646
245 0 _aUnderstanding jurisprudence
_b An introduction to legal theory
250 _a5th
260 _aNew Delhi
_bOxford University Press India
_c2017
300 _axx,407p.
_ccm.
942 _hZ,91, Q7
_cTEXL
_2CC
999 _c1157508
_d1157508